| 000 | 02187cam a22004454i 4500 | ||
|---|---|---|---|
| 003 | PE-LiUPU | ||
| 005 | 20250731165427.0 | ||
| 008 | 160209s1997 pe a grm 000 0 spa d | ||
| 035 | _a(Sirsi) a155993 | ||
| 040 |
_aPE-LiUPU _bspa _cPE-LiUPU _erda |
||
| 099 |
_aICC 2 _bG21 1997 |
||
| 100 | 1 |
_aGallegos Gallegos, César Narciso _eautor |
|
| 245 | 1 |
_aParticipación de la agencia y desarrollo y recursos asistenciales (ADRA/Ofasa del Perú), en la generación y desarrollo de microempresas en el Distrito de Jacobo Dickson Hunter - Arequipa, durante el período 1992-1995 / _cCésar Narciso Gallegos Gallegos. |
|
| 264 | 0 | _c1997. | |
| 300 |
_a202 hojas _c30 cm |
||
| 336 |
_atext _2rdacontent |
||
| 337 |
_aunmediated _2rdamedia |
||
| 338 |
_avolume _2rdacarrier |
||
| 502 |
_aInforme _b(Lic.) -- _cUniversidad Peruana Unión, _d1997. |
||
| 504 | _aIncluye referencias | ||
| 520 | 3 | _aEl presente informe Profesional es un trabajo que constituye el acopio sistematizado de todas las actividades realizadas en la Agencia de Desarrollo y Recursos Asistenciales (ADRA/OFASA del Perú, Regional Sur), realizada en el Distrito Jacobo Dickson Hunter, nuestro esfuerzo se ha orientado a reuinir todos los elementos (dato, mecanismos y estructuras) que a nuestro modo de ver sencillo y sin lugar a duda no perfecto, pero si perfectible en la implementación de otros trabajos de investigación, aclaramos que el presente es sólo un trabajo-informe por tanto es mucho más descriptivo, que detalla los pasos más importantes para el fomento de la creación, implementación y ejecución de las microempresas. | |
| 526 | _aSEG44 | ||
| 526 | _aSEG26 | ||
| 526 | _aP151 | ||
| 526 | _aP150 | ||
| 526 | _aP149 | ||
| 526 | _aP146 | ||
| 526 | _aP145 | ||
| 526 | _aP126 | ||
| 526 | _aP125 | ||
| 526 | _aP92 | ||
| 526 | _aP75 | ||
| 526 | _aP74 | ||
| 526 | _aP27 | ||
| 526 | _aP15 | ||
| 610 | 0 | 4 |
_aADRA/Ofasa del Perú (ONG) _xPequeñas y medianas empresas _vTesis. |
| 596 | _a1 | ||
| 942 |
_2ddc _cINFEXPRO |
||
| 999 |
_aICC 2 G21 1997 _wALPHANUM _c8673 _iT00015 _lCCODEBUL3 _mBUL _r1 _sY _tINFEXPRO _u2016-2-9 _xFCE _PP08 _o.STAFF. Tesis _d8673 |
||
| 980 |
_81 _gALBERTO SANCHEZ Responsable de Automatización |
||